Píšte lepšie!

Bibliographic Details
Main Author: Vrbka, Stanislav, 1934-1991 (Author)
Format: Article
Language:Slovak

MARC

LEADER 00000nab a2200000ua 4500
001 vtls010750442
003 SK-MaSNL
005 20260304195905.0
008 250718s1970 xo |||||||||||||||||slo|
035 |a (urnnbn)urn:nbn:sk:snk:ar-a00k8p 
035 |a (uuid)a301e403-debb-4732-bc8e-4c214da13543 
035 |a urn:nbn:sk:snk-ab49rm 
040 |a SNKBUCL  |b slo  |c SNKBUCL  |e AACR2 
041 0 |a slo 
044 |a xo  |c SK 
100 1 |a Vrbka, Stanislav,  |d 1934-1991  |4 aut  |9 37562 
245 1 0 |a Píšte lepšie!  |c Stanislav Vrbka 
773 0 |t Javisko  |g Roč. 2, č. 10 (1970), s. 301 
850 |a Slovenská národná knižnica 
852 |a Slovenská národná knižnica 
954 |a odborná, vedecká literatúra pôvodná (slovenská)  |2 lita 
958 |a article3 
958 |a OND 
958 |a EUIPO 
999 |c 3083530  |d 3085460